The United States Department of Labor today. (Record no. 36919)

MARC details
000 -LEADER
fixed length control field 00648cam a22002171 4500
001 - CONTROL NUMBER
control field l 56000133
003 - CONTROL NUMBER IDENTIFIER
control field DLC
005 - DATE AND TIME OF LATEST TRANSACTION
control field 20260227111544.0
008 - FIXED-LENGTH DATA ELEMENTS--GENERAL INFORMATION
fixed length control field 850722s1956 dcua f000 0 eng c
010 ## - LIBRARY OF CONGRESS CONTROL NUMBER
LC control number l 56000133
035 ## - SYSTEM CONTROL NUMBER
System control number (OCoLC)12292146
040 ## - CATALOGING SOURCE
Original cataloging agency U.S. Dept. of Labor.
Transcribing agency CLU
Modifying agency OT
-- DLC
042 ## - AUTHENTICATION CODE
Authentication code premarc
050 00 - LIBRARY OF CONGRESS CALL NUMBER
Classification number HD4835.U4
Item number A5 1956
110 1# - MAIN ENTRY--CORPORATE NAME
Corporate name or jurisdiction name as entry element United States.
Subordinate unit Department of Labor.
245 04 - TITLE STATEMENT
Title The United States Department of Labor today.
260 ## - PUBLICATION, DISTRIBUTION, ETC.
Place of publication, distribution, etc. [Washington,
Name of publisher, distributor, etc. U.S. Govt. Print. Off.,
Date of publication, distribution, etc. 1956]
300 ## - PHYSICAL DESCRIPTION
Extent vi, 72 p.
Other physical details illus.
Dimensions 30 cm.
500 ## - GENERAL NOTE
General note Cover title.
610 10 - SUBJECT ADDED ENTRY--CORPORATE NAME
Corporate name or jurisdiction name as entry element United States.
Subordinate unit Department of Labor.

No items available.

Powered by Koha